Score 0/26 Timer 05:00
2 Plays Today
Hint Answer % Correct
Napoleon ____Bonaparte
94.8%
____ of ArcJoan
94.6%
Attila the ____Hun
93.7%
____ CongViet
86.6%
____ Kippur War, 1973Yom
84.5%
____ Anne's War, 1702-13Queen
84.5%
____-Prussian War, 1870-71Franco
82.3%
Charge of the ____ Brigade, 1854Light
77.3%
Wounded ____ Massacre, 1890Knee
75.4%
38th ____ NorthParallel
67.7%
____-Japanese War, 1904-05Russo
66.5%
____ Landings, 1944Normandy
64.3%
Shaka ____Zulu
58.8%
Hint Answer % Correct
____ RommelErwin
57.9%
War of the ____ Succession, 1701-14Spanish
47.6%
Battle of ____, 1415Agincourt
38.9%
Fall of ____, 1453Constantinople
36.8%
Treaty of ____, 1713Utrecht
33.2%
____ Campaign, 1915-16Gallipoli
28.7%
First ____ War, 1839-42Opium
28.2%
Peace of ____, 1648Westphalia
21.2%
The Second ____ of Prague, 1618Defenestration
19%
____ Civil War, 1529-32Inca
17.7%
Battle of the ____ Forest, 9 CETeutoburg
12.5%
Chandragupta ____Maurya
9.1%
____ Wars, 1779-1879Xhosa
7.7%

Today's Daily Dose

Missing Word
I Hardly Know Her!

Word Ladder
Sentence Ending

Quick Pick
Female Firsts

Get the Picture
Triathlon Sports

Remove Ads.
Support Sporcle.
Get the best of Sporcle when you Go Orange. This ad-free experience offers more features, more stats, and more fun while also helping to support Sporcle. Thank you for becoming a member.

You're not logged in!

Compare scores with friends on all Sporcle quizzes.
OR
Log In

Show Comments

Extras

Top Quizzes Today


Score Distribution

Your Account Isn't Verified!

In order to create a playlist on Sporcle, you need to verify the email address you used during registration. Go to your Sporcle Settings to finish the process.

Report this User

Report this user for behavior that violates our Community Guidelines.

Details: